Countries With the Lowest Unemployment Rate - Statistics

General Stats
  • This quiz has been taken 32 times
  • The average score is 5 of 22
Answer Stats
Unemployment Rate Country % Correct
2.0% Monaco
70%
1.5% Liechtenstein
56%
0.1% Qatar
48%
0.7% Bahrain
44%
2.2% Kuwait
44%
1.4% Nepal
26%
0.5% Niger
26%
2.2% Vietnam
26%
0.6% Laos
22%
1.7% Palau
22%
1.1% Tonga
22%
1.6% Myanmar
19%
1.0% Thailand
19%
1.9% Chad
15%
1.6% Cuba
15%
2.1% Ethiopia
15%
2.0% Tanzania
15%
2.0% Togo
15%
1.8% Uganda
15%
1.4% Burundi
7%
2.2% Benin
4%
1.8% Madagascar
4%
No matching quizzes found
Score Distribution
Percent of People with Each Score
Percentile by Number Answered
Your Score History
You have not taken this quiz